Slope stability analysis by the limit equilibrium method / (Record no. 609081)

000 -LEADER
fixed length control field 01113cam a2200313 i 4500
001 - CONTROL NUMBER
control field 17848241
005 - DATE AND TIME OF LATEST TRANSACTION
control field 20240513201742.0
008 - FIXED-LENGTH DATA ELEMENTS--GENERAL INFORMATION
fixed length control field 130812t20142014vaua b 001 0 eng
010 ## - LIBRARY OF CONGRESS CONTROL NUMBER
LC control number 2013032422
020 ## - INTERNATIONAL STANDARD BOOK NUMBER
International Standard Book Number 9780784412886 (paper)
020 ## - INTERNATIONAL STANDARD BOOK NUMBER
International Standard Book Number 078441288X (paper)
020 ## - INTERNATIONAL STANDARD BOOK NUMBER
Canceled/invalid ISBN 9780784478004 (PDF)
040 ## - CATALOGING SOURCE
Original cataloging agency DLC
Language of cataloging eng
Transcribing agency DLC
Description conventions rda
Modifying agency DLC
042 ## - AUTHENTICATION CODE
Authentication code pcc
082 00 - DEWEY DECIMAL CLASSIFICATION NUMBER
Classification number 624.15136
Author Mark HUA
100 1# - MAIN ENTRY--PERSONAL NAME
Personal name Huang, Yang H.
Fuller form of name (Yang Hsien),
Dates associated with a name 1927-
9 (RLIN) 122623
245 10 - TITLE STATEMENT
Title Slope stability analysis by the limit equilibrium method /
Statement of responsibility, etc. Yang H. Huang, Sc.D., P.E.
264 #1 - PRODUCTION, PUBLICATION, DISTRIBUTION, MANUFACTURE, AND COPYRIGHT NOTICE
Place of production, publication, distribution, manufacture Reston, Virginia. :
Name of producer, publisher, distributor, manufacturer ASCE Press,
Date of production, publication, distribution, manufacture, or copyright notice [2014]
264 #4 - PRODUCTION, PUBLICATION, DISTRIBUTION, MANUFACTURE, AND COPYRIGHT NOTICE
Date of production, publication, distribution, manufacture, or copyright notice ©2014
300 ## - PHYSICAL DESCRIPTION
Extent xi, 364 pages :
Other physical details illustrations ;
Dimensions 25 cm
336 ## - CONTENT TYPE
Content type term text
Source rdacontent
337 ## - MEDIA TYPE
Media type term unmediated
Source rdamedia
338 ## - CARRIER TYPE
Carrier type term volume
Source rdacarrier
504 ## - BIBLIOGRAPHY, ETC. NOTE
Bibliography, etc. note Includes bibliographical references (pages 347-354) and index.
650 #0 - SUBJECT ADDED ENTRY--TOPICAL TERM
Topical term or geographic name entry element Slopes (Soil mechanics)
9 (RLIN) 37705
906 ## - LOCAL DATA ELEMENT F, LDF (RLIN)
a 7
b cbc
c orignew
d 1
e ecip
f 20
g y-gencatlg
942 ## - ADDED ENTRY ELEMENTS (KOHA)
Source of classification or shelving scheme
Koha item type Book
Holdings
Withdrawn status Lost status Source of classification or shelving scheme Damaged status Not for loan Permanent Location Current Location Date acquired Total Checkouts Full call number Barcode Date last seen Price effective from Koha item type
          School of Civil and Environmental Engineering (SCEE) School of Civil and Environmental Engineering (SCEE) 05/13/2024   624.15136 HUA NIT-13735 05/13/2024 05/13/2024 Book
© 2023 Central Library, National University of Sciences and Technology. All Rights Reserved.